แสดงรายละเอียดบรรณานุกรม
  กลับหน้าหลัก

Brief Record : Get Marc (ISO 2709) : E-mail record : QR code ปิดหน้าต่าง
E-books : เกี่ยวกับ Collections
LEADER 00000nam 2200000uu 4500
001    211586
003     ULIBM
008    170526s||||||||th 000 0 tha d
020    ^a9781118474556
060 04 ^aWY100.1^bM466a 2015
100 1  ^aLe May, Andrée, ^eauthor.
245 10 ^aAdult nursing at a glance / ^cAndrée le May
260    Chichester, West Sussex ; ^aMalden, MA :^bWileyBlackwell, ^c2015
300    ^axiv, 210 p. :^bill. (some col.) ;^c28 cm
490 1  ^aAt a glance
504    ^aIncludes bibliographical references and index
650  2 ^aNursing
650  2 ^aNursing Process
830  0 ^aAt a glance series (Oxford, England)
999    ^aใช้งานได้ทุกระบบ
รายการนี้ยังไม่มีแท็ก
คุณยังไม่ได้ล็อกอิน คุณสามารถมีกิจกรรมร่วมกับเว็บไซต์ได้ แต่ต้องล็อกอินก่อน ::
  ล็อกอิน
ลำดับที่ ประเภท เลขเรียก สถานที่ สถานะ
1. การพยาบาล (ตำราหลัก)
การพยาบาล (ตำราหลัก)
WY100.1 M466a 2015 c.1 
  
การพยาบาลผู้ใหญ่ ถูกยืม กำหนดส่งวันที่ 1 กรกฎาคม 2569
  จอง
Note:จัดซื้อปีงบ 60
   [แสดง 1/1 รายการ]

รายการใกล้เคียง
    หัวเรื่อง [Nursing]
    หัวเรื่อง [Nursing Process]

BibComment


ยังไม่เคยถูกคอมเมนท์

คอมเมนท์ทรัพยากรรายการนี้
  คอมเมนท์: Adult nursing at..
Bib 211586

 
 
 

 Union Library Management : ULibM
Copyright 2026. All Rights Reserved.
скачать бесплатно без регистрации порно красивый секс HD Sex Hindi sex

xxx gou

xxxx

bfxxx

xxxwww

Секса Видео

xxxx

Секса Видео

detube

geilexxx

C99 Shell

worms shell

blod xxx video
Ebony Coed Rihanna Rimes Takes A Dick In Her Young Twat priyaa indian fuck anal and pusssy hardcore indian women xxx desi hardcore fucking part 1 bengalixxxcouple